| 000 | 01025nam a2200253 a 4500 | ||
|---|---|---|---|
| 003 | BD-DhJNU | ||
| 005 | 20260511065912.0 | ||
| 008 | 260508s2022 bg |||g |||| 000 1|ben|d | ||
| 020 | _a9847015802745 | ||
| 040 |
_aBD-DhJNU _bben _cBD-DhJNU _dBD-DhJNU |
||
| 041 | _aben | ||
| 082 |
_a891.4409 HAB _223 |
||
| 100 | _aহাসান, অনুপম | ||
| 245 | 1 | 0 |
_aবৈষ্ণব পদাবলি ও বাউল পদ / _cঅনুপম হাসান |
| 246 | _aboishnob podaboli o baul pod | ||
| 250 | _a1st ed. | ||
| 260 |
_aঢাকা : _bবুকস ফেয়ার, _c2022. |
||
| 300 |
_a১৩৬ পৃ. : _bচিত্র ; _c২২ সেমি.। |
||
| 504 | _aগ্রন্থপঞ্জিগত নির্দেশিকা ও নিঘন্ট অন্তভূক্ত | ||
| 650 | _aবাংলা সাহিত্য | ||
| 650 | _aBengali literature | ||
| 700 | a |
_aহক, মুহম্মদ এনামুল _eযুগ্ম-লেখক |
|
| 942 | _cBK | ||
| 999 |
_c2779 _d2779 |
||